| 000 | 00382nam a2200145Ia 4500 | ||
|---|---|---|---|
| 008 | 230917s9999||||xx |||||||||||||| ||und|| | ||
| 040 |
_e87170 _aMAIN |
||
| 041 | _aEnglish | ||
| 082 | _a709.54 N138E | ||
| 100 | _aNagnajit | ||
| 245 | 3 | _aAn early document of Indian art: the citralaksana of Nagnajit | |
| 260 |
_aNew Delhi _bManohar _c1976 |
||
| 300 | _axiv, 176 p. | ||
| 942 | _cBK | ||
| 999 |
_c193924 _d193924 |
||